000 00374 a2200169 4500
001 156994
020 _a857319457X
040 _cEscola São Tomás de Aquino
100 _aASSIS, Joana d´ Arc Tôrres de Assis
240 1 0 _aDe presente
_lpor
245 1 0 _aDe presente
300 _a40 p.
362 0 _a2004
440 1 _aDimensão
697 _aPoesia
942 _cBK
999 _c156994
_d156994